CAFTA-DR versus proceso de integración centroamericano
محفوظ في:
| التنسيق: | نص |
|---|---|
| الموضوعات: | |
| الوسوم: |
إضافة وسم
لا توجد وسوم, كن أول من يضع وسما على هذه التسجيلة!
|
MARC
| LEADER | 00000 a a2200000 04500 | ||
|---|---|---|---|
| 001 | 6792 | ||
| 003 | |||
| 040 | |||
| 245 | |a CAFTA-DR versus proceso de integración centroamericano | ||
| 650 | |a INTEGRACION ECONOMICA | ||
| 650 | |a ASPECTOS ECONOMICOS | ||
| 650 | |a ASPECTOS SOCIALES | ||
| 650 | |a ASPECTOS POLITICOS | ||
| 650 | |a DEMOCRACIA | ||
| 650 | |a TLC | ||
| 650 | |a AMERICA CENTRAL | ||
| 773 | |g volumen 27, número 1217; páginas 11-12 | ||
| 999 | |c 24083 |d 24083 | ||
